Normal view
MARC view
- Palmer, Paul I
Entry Personal Name
001 - CONTROL NUMBER
- control field: 116075
003 - CONTROL NUMBER IDENTIFIER
- control field: NUST
005 - DATE AND TIME OF LATEST TRANSACTION
- control field: 20230912165807.0
008 - FIXED-LENGTH DATA ELEMENTS
- fixed length control field: 230912|| aca||aabn | a|a d
040 ## - CATALOGING SOURCE
- Original cataloging agency: NUST
- Transcribing agency: NUST
100 ## - HEADING--PERSONAL NAME
- Personal name: Palmer, Paul I
670 ## - SOURCE DATA FOUND
- Source citation: Work cat.: (NUST): Palmer, Paul I., Essential maths for geoscientists :
